| 000 | 00558nam a22001937a 4500 | ||
|---|---|---|---|
| 003 | OSt | ||
| 005 | 20260203131629.0 | ||
| 008 | 260203b |||||||| |||| 00| 0 eng d | ||
| 020 | _a9970050338 | ||
| 040 |
_aKABLIB _cKABLIB |
||
| 082 |
_223 _a346.082 _bTUM |
||
| 100 |
_aMukubwa,G.P.Tumwine _915057 |
||
| 245 |
_aEssays in African Banking Law and Practice / _cG.P Tumwine Mukubwa |
||
| 250 | _a2nd ed . | ||
| 260 |
_aAllahabad : _bThe Written Word Publishers ; _cc2009 . |
||
| 300 |
_axxv,278p. ; _c24cm |
||
| 650 |
_aLaw- Banking _915058 |
||
| 942 |
_2ddc _cBOOK |
||
| 999 |
_c5974 _d5974 |
||